00667nam a2200133 4500008001400000082001900014100001700033245001500050260005000065300003000115505031000145600006000455700001800515759.945 R165c a759.945bR165c aRama, Carol  aCarol Rama aTorinobFranco Masoero Edizioni d´Artec1999 a70 p.bill (col)c28 x 21 tVerifica purovisibilistica su Carol RamarDario TrentotA purevisibilistic view of Carol RamarDario TrentotLe parche / The parcaetVenticinque acquaforti / Twenty-five etchingstNotizia biograficarMaria PerosinotBiographical noterMaria PerosinotCatalogo delle incisioni / Catalogue of the engravings xVanguardiaxarte - exhibicionesxarte - pinturaxItalia aTrento, Dario